01255nam a2200265 i 4500001000700000003000700007005001700014008004100031020002200072080002100094080001100115100001700126245031300143246007200456260006400528300003600592600003400628650003000662655004000692700003700732700003200769700004100801710004000842852010700882189249SpMaBN20251014063306.0190430s2017 sp a c |||| |dspa d a978-84-16978-23-6 a74 Max (083.824) a741.520 aMax, d1956-14aLas aventuras de Guillermo & Miguel y otros trampantojos literariosb: [Sala de Exposiciones de San José de los Caracciolos, Universidad de Alcalá, 20 abril-14 julio, 2017] / cMax ; [coordinación de exposición, Jesús Cañete Ochoa ; textos, Manuel Rodríguez Rivero, Antonio Fernández Ferrer].33aLas aventuras de Guillermo y Miguel y otros trampantojos literarios a[Alcalá de Henares] : bUniversidad de Alcalá, c[2017] a94 p. : bil. col. ; c19 x 27.07aMax, d1956- vExposiciones2 7aCómics-vExposiciones2 72tgfbneaCatálogos de exposiciones1 aCañete Ochoa, Jesús, d1967-1 aRodríguez Rivero, Manuel.1 aFernández Ferrer, Antonio, d1952-2 aUniversidad de Alcalá de Henares. aES-MaACLjA-14539bR.152114cDEPO1dOlim: N-7539 hDonacion: Editorialx Encuadernación en cartoné